000 00464nam a2200193Ia 4500
008 101110s9999 xx 000 0 und d
041 _aMARATHI
082 _bSR5418
_a891.4611
100 _aKhuperkar Shastri, Relekar N.N.
245 _aDnyaneshwari Adhyay 2
365 _b4
520 _aMarathi
546 _aMARATHI
630 _aDnyaneshwari Adhyay 2
650 _aMarathi
655 _aMarathi
730 _aDnyaneshwari Adhyay 2
942 _cBOOK
999 _c801471
_d801468